000 00274nam a22001217a 4500
008 181015b xxu||||| |||| 00| 0 eng d
041 _aeng
080 _a531
100 _a43
101 _aFIZ
245 _aMusic Physics And Engineering
_cOlson.H.F
942 _2udc
_cBK
999 _c49778
_d49778